| 000 | 00611nam a22002057a 4500 | ||
|---|---|---|---|
| 003 | OSt | ||
| 005 | 20151202142923.0 | ||
| 008 | 131026b xxu||||| |||| 00| 0 eng d | ||
| 050 |
_aQA 43 _b.M426Hl 2006 |
||
| 082 |
_aIB 371.3 _bG94 no. 1 |
||
| 110 | _aInternational Baccalaureate Organization | ||
| 245 |
_aMathematics HL _cInternational Baccalaureate Organization n |
||
| 260 |
_aBuenos Aires : _bIBO. _cc2006. |
||
| 300 |
_a124 p. : _c30 cm. |
||
| 650 | _aInternational Baccalaureate | ||
| 650 |
_aTeaching _xAids and devices |
||
| 650 | _aIB Course Guide | ||
| 942 |
_2lcc _cBK |
||
| 999 |
_c13317 _d13317 |
||